Statistics for Finn Wolfhard Filmography

Click here to take the quiz!

General Stats

  • This quiz has been taken 106 times
    (43 since last reset)
  • The average score is 10 of 51

Answer Stats

TypeYearName% Correct
Web Series2016-PresentStranger Things
97%
Film2017It
92%
Film2019It: Chapter Two
67%
Film2021Ghostbusters: Afterlife
61%
Film2019The Goldfinch
56%
Film2020The Turning
56%
Music Video2019The Addams Family
42%
Film2019The Addams Family
42%
Film2018Dog Days
36%
Film2022Guillermo del Toro's Pinocchio
36%
Web Series2019-2021Carmen Sandiego
33%
Audiobook2020When You Finish Saving the World
33%
Film2022When You Finish Saving the World
33%
TV Show2015Supernatural
25%
Director2023Hell of a Summer
22%
Film2023Hell of a Summer
22%
Director2020Night Shifts
22%
Short Film2020Rules for Werewolves
22%
Film2020Rules for Werewolves
22%
TV Show2014The 100
19%
Film2021How It Ends
14%
Music Video2017Sonora
14%
Music Video2019Take On Me
14%
Web Mini-Series2020Home Movie: The Princess Bride
11%
Film2018Howard Lovecraft and the Kingdom of Madness
11%
TV Show2020JJ Villard's Fairy Tales
11%
Film2020Omniboat: A Fast Boat Fantasia
11%
TV Short2019The Cold Open
8%
FilmTBAThe Legend of Ochi
8%
Short Film2013Aftermath
6%
Music Video2013Change
6%
Music Video2018Danny Don't You Know
6%
Music Video2020Getting Better (Otherwise)
6%
Music Video2014Guilt Trip
6%
TV ShowTBANEW-GEN
6%
Music Video2016Sleep In the Heat
6%
TV Short2020Smiling Friends
6%
Music Video2020Smoke Bomb
6%
Web Series2019Brawl with the Stars
3%
TV Special2020Carmen Sandiego: To Steal or Not to Steal
3%
Music Video2019Cell
3%
TV Show2021Duncanville
3%
Web Series2017Guest Grumps
3%
Web Series2020HeadGum
3%
Music Video2020Loved One
3%
Music Video2012Retro Oceans
3%
Web Series2018Ten Minute Power Hour
3%
TV Short2017Young Math Legends
3%
Director2017Sorona
0%
Short Film2013The Resurrection
0%
Music Video2018Wasting Time
0%

Score Distribution

Percentile by Number Answered

Percent of People with Each Score

Your Score History

You have not taken this quiz since the last reset